000 00697nam a2200229 i 4500
001 27120
003 ES-MaACL
005 20230906153549.0
007 t|
008 030113s1943 fr ||||1| fre d
080 _a9(44)"14"
100 1 _aAvout, Jacques d'.
_924089
245 1 3 _aLa querelle des Armagnacs et des Bourguinons /
_cJacques d'Avout.
250 _a13cme ed.
260 _a[Montrouge] :
_bGallimard,
_c[1943] (
_fImp. Moderne)
300 _a431 p., 6 lám ;
_c23 cm.
490 1 _ala suite des temps
651 4 _aFrancia-
_xHistoria-
_y1380-1422, Carlos VI.
_9156514
830 0 _ala suite des temps
_9181091
852 _aES-MaACL
_jD-7409
_bR.30942
999 _c27120
_d27120